| 000 | 00560nam a2200229Ia 4500 | ||
|---|---|---|---|
| 003 | OSt | ||
| 005 | 20230331112756.0 | ||
| 008 | 210423s2017 xx 000 0 und d | ||
| 020 | _a978-93-86105-35-6 | ||
| 040 | _cAL | ||
| 041 | _aeng | ||
| 082 |
_a573.21 _223 _bGARH |
||
| 100 |
_aGARDNER (A);DAVIES (T) _980757 |
||
| 245 | _aHuman genetics Ed 2 | ||
| 250 | _a2 | ||
| 260 |
_aNew Delhi _bViva Books Pvt Ltd _c2017 |
||
| 300 |
_axv,328 _bPB |
||
| 365 |
_b695 _cINR |
||
| 650 |
_aLife Sciences _980758 |
||
| 906 | _agenetics ; Human | ||
| 942 |
_2ddc _cBK |
||
| 999 |
_c168882 _d168882 |
||